SCR Former Depots/Sidings - Statistics

General Stats
  • This quiz has been taken 11 times
  • The average score is 5 of 6
Answer Stats
Picture Answer % Correct
Coxly Depot
88%
Bodin Depot
75%
Bodin TrainCare
75%
Edgemead Siding
75%
Whitefield Lido Siding
75%
Winstree Depot
63%
No matching quizzes found
Score Distribution
Percent of People with Each Score
Percentile by Number Answered
Your Score History
You have not taken this quiz